Clicktion on the Fiction (2000s) Quiz Stats

 Plays Quiz Updated May 8, 2014

Support Sporcle.
Go Orange.
Score 0/25 Timer 04:00
1 Play Today
% Correct
Angels
96.1%
Code
94.4%
Man
90.7%
One
86.4%
Bones
85.3%
Thousand
83.1%
Dear
83%
Lucky
81.2%
Diaries
77.6%
Rising
73.9%
Dome
73.8%
Cross
68.7%
Christmas
66.2%
% Correct
Four
63.1%
Five
63.1%
State
54%
Symbol
45.1%
Cradle
43.8%
Story
38.5%
Bear
38.4%
Twelve
37.7%
Mermaid
26.9%
Pirate
23.9%
Precinct
16.5%
Eleven
14.2%

From the Vault

Remove Ads.
Support Sporcle.
Get the best of Sporcle when you Go Orange. This ad-free experience offers more features, more stats, and more fun while also helping to support Sporcle. Thank you for becoming a member.

Show Comments

Extras

Top Quizzes Today


Score Distribution

Your Account Isn't Verified!

In order to create a playlist on Sporcle, you need to verify the email address you used during registration. Go to your Sporcle Settings to finish the process.

Report this User

Report this user for behavior that violates our Community Guidelines.

Details: